00415nam a2200133 a 4500001000500000005001700005008004100022050001800063100002000081245002600101260003700127999001900164952009800183414420140414131901.0090317s19uu xx 00 eng d aFICbC58 1981 aCleary, Beverly aRamona Quimby, age 8. aNew York :bScholastic ,c1981. c110673d110673 001040aMUbMUcFICd2010-09-18l0oFIC C58 1981pM1136r2014-04-14 00:00:00w2014-04-14yBK